000 01579nam a2200325 c 4500
003 BLK
005 20180420234440.0
008 180410b bul|||||r ||||||| ||bul||
010 _aKNG00165563000
040 _aBLK
041 _aBUL
_cBUL
072 7 _2bullib
_aС
_xСтаропечатен фонд
080 _aХристиянска религия
_b23/28
_x
_z23/28
700 1 _aСофроний Хилендарски
_e*
_9334126
139 _aРазговори между двама христиани, от които единат изпитва, а другиат е уверен за православието на Източната църква
_bР 21
245 1 0 _aРазговори между двама христиани, от които единат изпитва, а другиат е уверен за православието на Източната църква
_bПреведени от руски и издадени от о. архимандрита Софрония Хилендарски
_c* Софроний Хилендарски.
257 _aBGR
260 Петроград
_c1862
_fПетроград : В Синодската печ.
300 _a110, 2 с.
_c21 см
380 _a2
500 _aДар от Никола Даков
650 4 _aПравославие
_9167467
653 _aправославие
659 _aС
852 _aЦб Ст 7191 * 610
856 4 _qpdf
_u
856 4 _qpdf
_u
942 _cKNG
_n0
944 _aCR
_c02.10.2014
_kТеодора_Стоянова
944 _aED
_c02.10.2014
_kЛюдмила_Стоянова
999 _c158511
_d158511